The diplomatic history of postwar Japan /

Bibliografische gegevens
Andere auteurs: Iokibe, Makoto, 1943-, Eldridge, Robert D.
Formaat: Boek
Taal:English
Japanese
Gepubliceerd in: London ; New York : Routledge, c2011.
Editie:Second edition.
Onderwerpen:
Classic Catalogue: View this record in Classic Catalogue
LEADER 02003nam a22004574a 4500
001 45821
003 BD-DhAAL
005 20260520160436.0
008 260520t20112009enka b 001 0 eng
010 |a  2009010037 
020 |a 9780415498470 
020 |a 0415498473 
020 |a 9780415498487 
020 |a 0415498481 
020 |a 9780203870969 
020 |a 0203870964 
035 |a 15652286 
040 |a DLC  |c DLC  |d DLC  |d BD-DhAAL 
041 1 |a eng  |h jpn 
043 |a a-ja--- 
050 0 0 |a DS889.5  |b .S463 2011 
082 0 0 |a 327.52  |2 22 
130 0 |a Sengo Nihon gaikōshi.  |l English  |9 60930 
245 1 4 |a The diplomatic history of postwar Japan /  |c edited by Makoto Iokibe ; translated and annotated by Robert D. Eldridge. 
250 |a Second edition. 
260 |a London ;  |a New York :  |b Routledge,  |c c2011. 
300 |a xiii, 246 pages :  |b illustrations ;  |c 23 cm 
504 |a Includes bibliographical references and index. 
526 8 |a AAL 
541 1 |a Donated by Embassy of Japan in Bangladesh, Read Japan Project 2025, The Tokyo Foundation, supported by The Nippon Foundation.  |e 45821 
546 |a Translated from the Japanese. 
586 |a Winner of the Yoshida Shigeru prize, 19999 . 
650 0 |a International relations. 
651 0 |a Japan  |x Foreign relations  |y 1945-1989.  |9 60931 
651 0 |a Japan  |x Foreign relations  |y 1989-  |9 60578 
700 1 |a Iokibe, Makoto,  |d 1943-  |9 60932 
700 1 |a Eldridge, Robert D.  |9 60933 
852 1 |a Ayesha Abed Library  |c General Stacks 
942 |2 ddc  |c BK 
999 |c 48000  |d 48000 
952 |0 0  |1 0  |2 ddc  |4 0  |6 327_520000000000000_DIP  |7 0  |9 79247  |a BRACUL  |b BRACUL  |d 2026-05-20  |e Donated by Embassy of Japan in Bangladesh, Read Japan Project 2025, The Tokyo Foundation, supported by The Nippon Foundation.  |l 0  |o 327.52 DIP  |p 3010045821  |r 2026-05-20  |t 1  |w 0000-00-00  |y BK  |x Donated copy received from Embassy of Japan in Bangladesh, Read Japan Project 2025, The Tokyo Foundation, supported by The Nippon Foundation on 08 April 2026; $70.99 Amazon.com